000 00472nam a22001697a 4500
003 OSt
008 260428b |||||||| |||| 00| 0 eng d
082 _a635.25
_bK98E
100 _aKumar, Rajiv Ranjan
245 _aEffect of Zinc and Boron of Growth Yield and Quality of Onion (Allium cepa L.)
260 _aPusa, Samastipur
_bRAU
_c1996
300 _a56P.
502 _bMsc.
_d1996
650 _aVegetables and Floriculture
650 _aHorticulture
942 _2ddc
_cT
999 _c50235
_d50235